| 000 | 01443nam a2200277 4500 | ||
|---|---|---|---|
| 040 | _cNSHS | ||
| 082 |
_a297.63 _bMAQ |
||
| 111 |
_aMaqālāt-e-sīrat _9129990 |
||
| 245 |
_aMaqālāt-e-Sīrat / _ctartīb wa-muqaddamah Muḥammad Miān Ṣiddīqī, Shu‘bah da‘wat-o-irshād, Idārah Taḥqīqāt-i Islāmī, Islāmābād, Jāmiʿah Islāmiyyah. |
||
| 246 | _aSirat-un-Nabi | ||
| 246 | _aMaqalat-e-Seerat | ||
| 246 | _aMaqalat-i Seerat | ||
| 246 | _aSeerat-i Nabi | ||
| 246 | _aSeeratunnabi | ||
| 246 | _aSeerat-un-nabi | ||
| 260 |
_aIslāmābād: _bIdārah Taḥqīqāt-i Islāmī, _c1989 |
||
| 300 | _a222 pages. | ||
| 500 | _aDC010725 | ||
| 500 | _aReligion | ||
| 520 | _aMaqālāt-e-Sīrat is a collection of scholarly articles and essays that explore various aspects of the life and character of the Prophet Muhammad (peace be upon him). The book highlights his teachings, moral conduct, leadership, and role as a reformer of society. Each article sheds light on how his example provides guidance for both individual and communal life. It is written to deepen the reader's understanding of the Prophet’s Seerah (biography) and inspire love, respect, and practical application of his sunnah in daily life. | ||
| 546 | _aIn Urdu. | ||
| 600 |
_aMuhammad (Peace be Upon Him), Prophet _9129607 |
||
| 700 | 1 |
_aṢiddīqī, Muḥammad Miān _9129944 |
|
| 942 |
_2ddc _cBK |
||
| 999 |
_c614426 _d614426 |
||